Merriam-Webester's collegiate dictionary

সংরক্ষণ করুন:
গ্রন্থ-পঞ্জীর বিবরন
বিন্যাস: গ্রন্থ
ভাষা:ইংরেজি
প্রকাশিত: Springfield Merrian-Webster 2003
সংস্করন:11a. ed
বিষয়গুলি:
ট্যাগগুলো: ট্যাগ যুক্ত করুন
কোনো ট্যাগ নেই, প্রথমজন হিসাবে ট্যাগ করুন!

MARC

LEADER 00000nam a2200000 a 4500
001 UCJ1089
003 CL-VaPUC
008 060929e20030000US |||||||||||||||||eng|d
020 |a 0877798095 
082 0 4 |a 423  |b MER  |2 21 
245 1 0 |a Merriam-Webester's collegiate dictionary 
250 |a 11a. ed 
300 |a 1623 p 
942 |c BK 
945 |d 20060929 00:00:00  |a cmena 
260 |a Springfield  |b Merrian-Webster  |c 2003 
500 |a Incluye Cd-Rom 
650 0 |a Lengua inglesa  |9 318842 
650 0 |a Diccionarios  |9 256200 
650 0 |a Glosarios  |9 261047 
583 |a last modification  |c 20120618 03:13:33  |k Rodrigo Vera 
999 |c 317802  |d 317800 
952 |0 0  |1 0  |4 0  |6 423_000000000000000_MER_2003  |7 0  |8 X  |9 394764  |a BIBEDU  |b BIBEDU  |d 2019-11-22  |i 4259858  |o 423 MER 2003  |p 4259858  |r 2023-01-13  |w 2019-11-22  |y BK_X  |k LIT